[Event "Tilburg"]
[Site "Tilburg"]
[Date "1994.??.??"]
[Round "4"]
[White "Ivanchuk, Vassily"]
[Black "Azmaiparashvili, Zurab"]
[Result "1-0"]
[WhiteElo "2695"]
[BlackElo "2625"]
[Annotator "Stohl,I"]
[PlyCount "87"]
[EventDate "1994.09.??"]
[EventType "k.o."]
[EventRounds "7"]
[EventCountry "NED"]
[SourceTitle "CBM 044"]
[Source "ChessBase"]
[SourceDate "1995.02.01"]
[SourceVersion "1"]
[SourceVersionDate "1995.02.01"]
[SourceQuality "1"]

1. e4 d6 2. d4 Nf6 3. Nc3 g6 4. Be2 $5 (4. f4 Bg7 5. a3 $5 O-O 6. Nf3 Bg4 7. h3
Bxf3 8. Qxf3 Nc6 9. Be3 e5 10. dxe5 dxe5 11. f5 Nd4 12. Qf2 Nh5 13. O-O-O c6
14. Kb1 Qe7 15. g4 Nf4 16. Bxf4 exf4 17. Rxd4 Bxd4 18. Qxd4 Rfd8 19. Qf2 Qe5
20. Bd3 b5 21. g5 a5 22. Qh4 b4 23. Qh6 Kh8 24. f6 Rg8 25. Rg1 $1 {1-0,
Illescas,M-Gurevich,M/Madrid rapid/1988/}) 4... Bg7 5. f4 (5. g4 c6 6. g5 Nfd7
7. h4 b5 8. h5 Rg8 9. hxg6 hxg6 10. Nf3 b4 11. Nb1 a5 12. a4 $6 c5 13. d5 Nb6
14. c4 Kd7 $1 15. Nbd2 Rh8 16. Rg1 Kc7 17. Rb1 Rh3 18. b3 Qh8 19. Nf1 N8d7 20.
Bf4 Ne5 21. Nxe5 Bxe5 22. Bxe5 Qxe5 $17 {Kovacevic,Vl-Seirawan,Y/Wijk/1980/})
5... d5 $6 (5... c5 6. dxc5 (6. d5 O-O 7. g4 Qa5 (7... e6 $5 $13) 8. Bd2 Qb4 9.
a3 Qxb2 10. Rb1 Qxa3 11. Rb3 Qa5 12. g5 Ne8 13. h4 e5 14. dxe6 Bxe6 15. Nd5 Qa4
16. c4 Qd7 17. h5 Nc6 18. hxg6 fxg6 19. f5 gxf5 20. Rbh3 fxe4 21. Rxh7 Bxd5 22.
cxd5 Qf5 $17 {Vepkhishvili-Bednar/Pardubice op/1992/}) 6... Qa5 7. Qd3 (7. Bd2
Qxc5 8. h3 Nc6 9. Qc1 Nd4 10. Bd3 Qc7 11. Be3 Nc6 12. Nf3 O-O 13. Qd2 a6 14.
O-O-O b5 15. Rdg1 Qa5 16. Kb1 b4 17. Ne2 Be6 18. b3 Qa3 19. Qc1 Qxc1+ 20. Kxc1
a5 21. Ned4 Nxd4 22. Nxd4 Bd7 23. Kd2 e5 24. Ne2 Bc6 $36 {Carballo,F-Pausin,A/
Duisburg WchJM-U12/1992/}) 7... Qxc5 8. Be3 Qa5 $132) 6. e5 Ne4 7. Nxe4 dxe4 8.
Be3 $14 {><e4} c6 9. Qd2 h5 (9... f5 10. c4 Be6 11. Rd1 {[+]}) 10. O-O-O b5 $6
(10... Bf5 $5 $14) 11. d5 $1 Bb7 (11... cxd5 12. Bxb5+ Kf8 13. Qxd5 $18) 12.
Qc3 (12. dxc6 Qxd2+ 13. Rxd2 Bxc6 14. Nh3 Nd7 $132) 12... cxd5 $8 (12... Qc8
13. dxc6 Qxc6 14. Qa5 $16) 13. Bxb5+ Kf8 (13... Nd7 $2 14. Bxd7+ Qxd7 15. e6 $1
Bxc3 16. exd7+ $18) 14. Nh3 Na6 15. Ng5 $16 {/\Ne4} Nc7 16. Ba4 Ne6 (16... Qc8
$142 17. Bc5 $16) 17. Nxe6+ (17. Nxe4 $2 d4 $1 $17) 17... fxe6 18. h4 $1 {ץg7}
Kf7 19. Rd4 a5 20. Bb5 Qb8 21. Kb1 Rc8 22. Qd2 Rc5 (22... Ba6 $5 23. Bxa6 Rxa6
24. Ra4 Qb5 25. b3 $18) 23. Be2 {/\g4->} Qc7 24. Ra4 Qd7 $8 (24... Rc6 25. Bb5
$18) 25. b3 Rc7 26. Bd4 {><a5} e3 27. Qxe3 Bc6 28. Ra3 a4 29. Kb2 Bb5 (29...
axb3 30. Rxa8 Bxa8 31. cxb3 $18) 30. Bd1 $5 (30. Rc1 $18) 30... Rcc8 31. Rg1
$40 Qb7 32. g4 hxg4 33. Rxg4 Be8 34. Rg3 Qb4 35. h5 axb3 (35... Rcb8 {/\Qa3}
36. hxg6+ Kg8 37. Bc5 $18) 36. Rxb3 Qa4 37. a3 Rcb8 {/\Qa3} (37... Rc4 38.
hxg6+ Kg8 39. c3) 38. Bc5 Kg8 39. hxg6 Qc4 $6 40. Be2 Qa4 41. Bd3 Qa5 42. Rh3
Ba4 43. Bb6 $1 (43. Rxb8+ Rxb8+ 44. Bb4 $18) 43... d4 $8 44. Rh8+ $1 (44. Rh8+
Kxh8 (44... Bxh8 45. Qh3 {/\Qh7,Qe6,Ba5}) 45. Qh3+ Kg8 46. Qxe6+ Kh8 47. Bc4 $1
$18) 1-0

[Event "Tilburg"]
[Site "Tilburg"]
[Date "1994.??.??"]
[Round "1"]
[White "Stefansson, Hannes"]
[Black "Gurevich, Mikhail"]
[Result "1-0"]
[WhiteElo "2560"]
[BlackElo "2620"]
[Annotator "Stohl,I"]
[PlyCount "109"]
[EventDate "1994.09.??"]
[EventType "k.o."]
[EventRounds "7"]
[EventCountry "NED"]
[SourceTitle "CBM 044"]
[Source "ChessBase"]
[SourceDate "1995.02.01"]
[SourceVersion "1"]
[SourceVersionDate "1995.02.01"]
[SourceQuality "1"]

1. e4 d6 2. d4 Nf6 3. Nc3 g6 4. f4 Bg7 5. Nf3 c5 6. Bb5+ Bd7 7. e5 Ng4 8. e6
Bxb5 (8... fxe6 $142) 9. exf7+ Kd7 10. Nxb5 Qa5+ 11. Nc3 cxd4 12. Nxd4 h5 (
12... Bxd4 13. Qxd4 Nc6 14. Qc4 Qb6 15. Qe2 h5 16. Bd2 Nd4 17. Qd3 Nf5 18. Ne4
Nge3 19. g3 Qd4 20. Bxe3 Qxe3+ 21. Qxe3 Nxe3 22. Kd2 Nf5 23. Ng5 Raf8 24. Rae1
h4 25. g4 Nh6 26. Re6 Nxf7 27. Rhe1 $16 {Wedberg,T-Gustavsson,B/Stockholm op/
1990/}) 13. h3 Nc6 14. Nde2 (14. Nxc6 $2 Bxc3+ 15. bxc3 Qxc3+ 16. Bd2 Qg3+ 17.
Ke2 Qxg2+ $19) 14... Nh6 15. Be3 Nf5 16. Bf2 Rac8 (16... Raf8 17. O-O Rxf7 18.
a3 Qa6 19. Ne4 Kc8 20. Qd5 Bxb2 21. Rab1 Qxe2 22. Rfe1 Qxc2 23. Qxf7 Bxa3 24.
Qxg6 Nfd4 25. Kh1 Qc4 26. Ng5 Bc5 27. Rbc1 Qd5 28. Bxd4 Bxd4 29. Rxe7 $16 {
Hellers,F-van Wely,L/Philadelphia World op/1992/}) 17. O-O (17. Qd2 $6 h4 18.
O-O-O Rhf8 19. Kb1 Rxf7 20. Qe1 Qa6 $132 {Yedidia,J-van Wely,L/New York/1993/})
17... Rhf8 (17... h4 $5 18. a3 Qa6 19. Ne4 Kc7 20. c3 Kb8 21. Ng5 Rhf8 22. Re1
Bf6 23. Qb3 Nd8 24. Nd4 Bxd4 25. Bxd4 Qc4 26. Qxc4 Rxc4 $15 {Ernst,Th-van Wely,
L/Wijk aan Zee/1992/}) 18. Ne4 Nd8 (18... Rxf7 19. c3 Nd8 {-18...Nd8}) 19. c3
Rxf7 (19... Nxf7 20. Qb3 $16) 20. Qd3 (20. a4 $5 {/\b4->} a6 21. Ra3 {><b6,/
\Rb3}) 20... Ne6 21. Rad1 h4 (21... Qxa2 $2 22. Qb5+ Kd8 23. Qxb7 $16) 22. Qf3
Qa6 23. Rfe1 Qc6 24. Nd4 (24. Nc1 $5 {/\Qg4->,Nd3-b4} b6 (24... Kc7 25. Nxd6 $1
$18) 25. Nd3 $16) 24... Bxd4 (24... Nfxd4 25. cxd4 Nxf4 (25... Rxf4 $2 26. d5
$18) 26. Bxh4 $36) (24... Nexd4 25. cxd4 Qb6 26. Nc5+ $1 $16 {/\Ne6}) 25. cxd4
d5 (25... Nc7 26. d5 $1 {/\} Nxd5 $2 27. Ng5) 26. Nc3 Nc7 27. Rc1 Qd6 28. Rc2
$5 (28. Re5 e6 29. Qg4 Qe7 30. Qxg6 Rg7 $44) 28... Rff8 (28... e6 29. Rec1 Rcf8
30. Ne2 $16 {><g6,e6,Kd7}) 29. Qg4 Qf6 30. Rec1 e6 31. Qd1 Nd6 32. Ne2 Ncb5 $6
(32... Na6 $5 33. Qe1 Nf5 34. Qa5 Rxc2 35. Rxc2 Rc8 36. Qb5+ Kd8 37. Rxc8+ Kxc8
38. Qe8+ Kc7 39. Qa8 $14) 33. a4 Rxc2 34. Rxc2 Nc7 35. Qe1 g5 (35... Nf5 36.
Qa5 $16) (35... Rh8 36. Nc1 $1 Qxf4 37. Nd3 Qf5 38. Nc5+ Kc8 39. Rc3 Ne4 40.
Rf3 Qg5 41. Nxe4 dxe4 42. Qxe4 $16 {ק}) 36. fxg5 Qxg5 37. Bxh4 Qg6 38. Qc1 Na6
39. Bg3 Nc4 40. Kh2 (40. Rc3 $142 $1 {/\b3+-}) 40... Nb4 $6 (40... Qd3 $132 {
/\Ne3}) 41. Rxc4 $1 $8 dxc4 42. Qxc4 Nc6 $8 (42... Nd5 43. Qb5+ Kc8 44. Qc5+
$18) 43. b4 $36 Rc8 $6 (43... Qf6 44. b5 Nd8 45. Nf4 $16 {/\Nd3-e5}) 44. Qb5 b6
45. Qa6 (45. a5 $1 Qe4 46. axb6 axb6 47. Qxb6 $1 Qxe2 48. Qb7+ Kd8 49. Bh4+ $18
) 45... Ne7 (45... Qf6 46. a5 $1 Nxd4 47. axb6 $1 Nxe2 (47... axb6 48. Qb7+ Kd8
49. Qxb6+ $18) 48. b7 $18) 46. Qb7+ Kd8 47. Nf4 Qf5 48. Qxa7 $18 b5 49. axb5
Rc4 50. b6 Rxb4 51. Qb8+ Kd7 52. Nd3 $1 {/\Ne5,Qd6} Qxd3 $8 53. Qd6+ Ke8 54.
Qxb4 Nf5 55. Be5 {/\b7} 1-0

[Event "World Cup"]
[Site "Reykjavik"]
[Date "1991.??.??"]
[Round "4"]
[White "Chandler, Murray G"]
[Black "Ivanchuk, Vassily"]
[Result "0-1"]
[WhiteElo "2605"]
[BlackElo "2735"]
[Annotator "Stohl,I"]
[PlyCount "110"]
[EventDate "1991.09.??"]
[EventType "tourn"]
[EventRounds "15"]
[EventCountry "ISL"]
[EventCategory "16"]
[SourceTitle "CBM 026"]
[Source "ChessBase"]
[SourceDate "1992.02.01"]
[SourceVersion "1"]
[SourceVersionDate "1992.02.01"]
[SourceQuality "1"]

1. e4 d6 2. d4 Nf6 3. Nc3 g6 4. f4 Bg7 5. Nf3 O-O 6. Be2 c5 (6... a6 $6 7. e5
Ne8 8. Be3 Nd7 9. h4 $1 c5 10. h5 cxd4 11. Bxd4 dxe5 12. fxe5 Nc7 13. Bc4 e6
14. Qe2 b5 15. Bd3 Bb7 16. Be4 Bxe4 17. Nxe4 Nd5 18. g4 $16 {~/=,Podlesnik,
B-Todorovic,M,Ljubljana 1989}) (6... Na6 7. e5 $5 (7. O-O $14) 7... Ne8 8. Be3
Bf5 9. O-O Nb4 10. Rc1 e6 11. h3 Nd5 12. Nxd5 exd5 13. c4 dxc4 14. Bxc4 d5 15.
Be2 c6 16. g4 Be4 17. Ng5 $16 {Moretensen,E-Rosenlund,T,Copenhagen 1983}) 7.
dxc5 Qa5 8. O-O Qxc5+ 9. Kh1 Nc6 (9... b5 $5 10. e5 dxe5 11. fxe5 Ng4 12. Qd5
Nf2+ 13. Rxf2 Qxf2 14. Qxa8 (14. Bd3 b4 15. Ne4 Qb6 16. Qxa8 Bb7 17. Be3 Bxa8
$17) 14... b4 15. Nd5 Qxe2 16. Bf4 Kh8 {Nijboer,F-Azmaiparashvili,Z,Reykjavik
op 1990-EXP 18}) (9... Nbd7 10. Bd3 b6 11. Qe1 Bb7 12. Be3 Qc6 13. Nd4 Qc8 14.
Qh4 Nc5 15. f5 Nxd3 16. cxd3 Ba6 17. Rad1 b5 18. Rf3 b4 19. Nd5 $40 {Schlosser,
M-Ludgate,A,Haifa ETC 1989-TD 89_12}) 10. Bd3 Bg4 (10... e5 11. Qe1 $14) (10...
Nb4 11. Qe1 Nxd3 12. cxd3 b6 13. Be3 Qh5 14. Bd4 Bb7 15. a4 Ba6 16. Qd2 $6 e5
$1 17. Bg1 exf4 18. Qxf4 Ng4 $36 {Schlosser,M-Popchev,M,Sochi-A 1989-CBM 16})
11. Qe1 Rfc8 $5 {N} (11... Bxf3 12. Rxf3 Nb4) (11... Bxf3 12. Rxf3 Nb4 13. Be3
Nxd3 14. cxd3 Qa5 (14... Qb4 15. Rb1 a5 16. Bg1 a4 17. e5 dxe5 18. fxe5 Nd7 19.
a3 Qb3 20. d4 Rac8 21. Qh4 f6 22. Rh3 h5 23. Qe4 $14 {Gdanski,J-Sznapik,A,
POL-ch 1991-EXP 22}) 15. f5 b5 16. Bg5 b4 17. Bxf6 Bxf6 18. Nd5 Kg7 19. Qd2
Rac8 20. Rh3 g5 $132 {Nunn,J-Sznapik,A,Haifa ETC 1989-TD 89_12}) 12. Be3 Qa5
13. Nd2 {Pf5<->g4} (13. Qh4 Nb4 $132 {P} 14. e5 $2 Bxf3 15. exf6 Bxf6) 13...
Bd7 14. Nc4 (14. Nb3 Qd8 $13) 14... Qd8 15. Qh4 $6 (15. a3 Rab8 $132) 15... Nb4
$15 {P c4, c2} 16. Na3 $8 Qa5 {P c3} 17. Bd2 Nxd3 18. cxd3 b5 19. e5 $1 b4 20.
Nc4 Qd8 (20... Rxc4 $2 21. dxc4 bxc3 22. Bxc3 $18) 21. Ne2 (21. exf6 Bxf6 $17)
21... Nd5 22. Ng3 (22. exd6 exd6 23. Qxd8+ Rxd8 $17 {[+]|_}) 22... Nb6 $1 (
22... dxe5 $6 23. fxe5 (23. Nxe5 $2 Bb5 $17) 23... Nb6 24. Bxb4 Nxc4 25. Bxe7
$16) 23. f5 (23. Nxb6 axb6 24. Bxb4 Rc2 25. exd6 exd6 $36 {|_}) (23. Ne3 dxe5
24. fxe5 Be6 $15) 23... Nxc4 24. dxc4 dxe5 (24... Bxe5 $2 25. fxg6 hxg6 26.
Rxf7 $1 Kxf7 27. Qh7+ Ke6 28. Qxg6+ Bf6 29. Re1#) 25. fxg6 hxg6 26. Ne4 f6 $5 (
26... Rxc4 $2 27. Rxf7 $1 Rxe4 (27... Kxf7 28. Ng5+ $18) 28. Rxg7+ $16) (26...
Bf5 27. Rxf5 gxf5 28. Ng5 $146 Qxd2 29. Qh7+ Kf8 30. Qh5 Ke8 $8 31. Nxf7 $5 {
P e5, d1} (31. Rd1 $6 Qxd1+ $17) 31... Kd7 32. Rd1 $14) 27. Bxb4 Qe8 28. Nc3
Be6 29. Nd5 Bxd5 30. cxd5 Rab8 31. a3 (31. Rac1 $142 $5 $132) 31... a5 32. Bc3
Rc5 $17 33. Rad1 Rd8 34. Qe4 Qf7 (34... f5 $142 $17) 35. Bxe5 Rcxd5 36. Rxd5
Qxd5 37. Qxd5+ Rxd5 38. Bc3 f5 39. Bxg7 Kxg7 $15 40. b4 (40. Kg1 $142 $15)
40... axb4 (40... a4 $1 {P} 41. Rb1 Rd3 42. b5 Rb3 $1 $19) 41. axb4 Rb5 42. Rb1
e5 43. Kg1 e4 44. Kf2 Kf6 45. Ke3 Ke5 46. h4 $2 (46. h3 f4+ 47. Kd2 (47. Ke2
Kd4 48. Kd2 Rg5 $19) 47... Kd4 48. Ke2 Rg5 49. Kf2 Kc4 50. Rd1 $132) (46. g3 g5
47. h3 f4+ 48. Ke2 $1 fxg3 (48... Kd4 49. Rd1+ Kc3 50. Rf1 $10) 49. Ke3 g2 50.
Kf2 Kd4 51. Kxg2 Kd3 52. Kf2 $10) 46... f4+ 47. Kf2 Kf5 $19 48. g3 f3 49. h5 (
49. Ke3 Kg4 50. Kxe4 f2 51. Ke3 Kxg3 $19) 49... gxh5 50. Rh1 Kg5 51. Rh4 Rxb4
52. Ke3 Kf5 53. Rxh5+ Kg4 54. Rh8 Rb3+ $1 55. Kxe4 f2 (55... f2 56. Rg8+ Kh3
57. Rf8 Kxg3 58. Rg8+ Kh2 59. Rf8 Kg2 60. Rg8+ Rg3 $19 {[Stohl,I]}) 0-1

[Event "Belgrade"]
[Site "Belgrade"]
[Date "1993.??.??"]
[Round "2"]
[White "Beliavsky, Alexander G"]
[Black "Hodgson, Julian M"]
[Result "1/2-1/2"]
[WhiteElo "2635"]
[BlackElo "2625"]
[Annotator "Stohl,I"]
[PlyCount "102"]
[EventDate "1993.??.??"]
[EventType "tourn"]
[EventRounds "9"]
[EventCountry "YUG"]
[EventCategory "16"]
[SourceTitle "CBM 039"]
[Source "ChessBase"]
[SourceDate "1994.04.01"]
[SourceVersion "1"]
[SourceVersionDate "1994.04.01"]
[SourceQuality "1"]

1. e4 d6 2. d4 Nf6 3. Nc3 g6 4. f4 Bg7 5. Nf3 c5 6. Bb5+ Bd7 7. e5 Ng4 8. e6
fxe6 9. Ng5 Bxb5 10. Nxb5 Qa5+ 11. c3 (11. Bd2 $5 Qxb5 12. Nxe6 Qxb2 (12... Na6
$6 13. Nxg7+ Kf7 14. Qxg4 Kxg7 15. Bc3 $1 cxd4 16. Bxd4+ e5 17. fxe5 dxe5 18.
c4 Qe8 19. Bc3 Rf8 20. O-O-O Nb8 21. Rhe1 $16 {Korneev,O-Vasiliev,V/Smolensk
op/1991/}) 13. Rb1 Qxa2 14. Nxg7+ Kf7 15. O-O Nf6 16. Re1 Kxg7 17. Rxe7+ Kf8
18. Rbxb7 Nbd7 19. Qe1 h6 20. dxc5 $44 {Palac,M-Chabanon,JL/Zagreb Vukovar/
1993/}) 11... Qxb5 12. Nxe6 (12. Qxg4 cxd4 13. Nxe6 Qc4 14. Nxg7+ Kf7 15. f5 (
15. Nf5 Qe6+ 16. Ne3 dxe3 $10) 15... Kxg7 16. Be3 Nc6 17. O-O-O b5 18. Bxd4+
Nxd4 19. Rxd4 Qxa2 20. Re1 Qa1+ 21. Kd2 Qxb2+ 22. Kd1 Qb1+ 23. Kd2 $44 {
Christensen,T-Sogaard,S/Odense/1993/}) 12... Qc4 $5 (12... Na6 13. Nxg7+ (13.
Qxg4 Bf6 14. d5 Qd3 15. Qd1 Qxd1+ 16. Kxd1 h5 17. g3 Kd7 18. Kc2 Nc7 19. Nxc7
Kxc7 20. Re1 Kd7 $10 {Beliavsky,A-Timman,J/Belfort/1988/}) 13... Kf7 14. Qxg4
Kxg7 15. Be3 Qxb2 16. O-O Qxc3 17. Rae1 Rhf8 18. f5 Rxf5 {Anand,V-Gurevich,M/
Linares/1991/} 19. Bh6+ $1 Kxh6 20. Qh4+ Rh5 21. Qf4+ Rg5 22. Qh4+ $10) 13.
Qxg4 cxd4 14. Nxg7+ (14. f5 Bf6 15. fxg6 Rg8 $1 16. g7 Nc6 17. Nc7+ Kd8 18.
Ne6+ $10 {Watson,W-Shirov,A/Gausdal/1991/}) 14... Kf7 15. f5 Kxg7 16. Qh4 (16.
Be3 Nc6 {-12.Qg4}) 16... Nc6 17. Rf1 Rhf8 $1 $146 (17... Kg8 18. Bh6 Re8 19.
Rd1 Ne5 20. Rxd4 Qxa2 21. Kf2 Nf7 22. Kg1 $40 {Gruenfeld,Y-Tal,M/Tel Aviv/1990/
}) 18. Bh6+ Kh8 19. Bxf8 Rxf8 20. O-O-O $8 gxf5 $13 (20... Qxa2 $2 21. fxg6 $18
{/\Qh7#}) 21. Kb1 b5 22. Qh3 (22. cxd4 $2 Nb4 23. Qxe7 Qxa2+ 24. Kc1 Rc8+ 25.
Kd2 Rc2+ 26. Ke1 Nd3+ $1 27. Rxd3 Qa1+ 28. Rd1 Qa5+ $19) 22... dxc3 23. Qxc3+ (
23. bxc3 b4 $40) 23... Qxc3 24. bxc3 Ne5 25. Rd4 (25. Rd5 $142 a6 26. a4 $5 $10
{<=>}) 25... Nc4 26. Rf2 e5 $15 27. Rh4 f4 28. Kc2 Ne3+ 29. Kd3 Kg7 (29... d5
$5 $15 {/\} 30. g3 $2 Nf5 31. Rg4 e4+ $19) 30. g3 $1 Nd5 $8 31. Rg4+ Kf6 (31...
Kh8 32. gxf4 Nxf4+ 33. Ke4 $10) 32. gxf4 Nxf4+ 33. Rgxf4+ exf4 34. Rxf4+ Ke7
35. Rh4 $44 {ק} Rf7 36. a4 bxa4 (36... a6 37. axb5 axb5 38. Rh5 $10) 37. Rxa4
Ke6 38. Re4+ Kf5 (38... Kd7 39. Ra4 Kc6 40. Ra6+ $10) 39. Rd4 Ke6 40. Re4+ Kd7
41. Ra4 Rf3+ 42. Kd2 (42. Ke4 $5 Rxc3 43. Rxa7+ Rc7 44. Ra5 $10) 42... Rf2+ 43.
Kd3 Rxh2 44. Rxa7+ Ke6 45. c4 Rh1 46. Ra5 h5 47. Ke2 h4 48. Rh5 h3 49. Kf2 h2
50. Kg3 Rg1+ (50... Rc1 51. Rxh2 Rxc4 52. Kf3 $10) 51. Kxh2 Rg4 (51... Rg4 52.
c5 $10) 1/2-1/2

[Event "Ter Apel"]
[Site "Ter Apel"]
[Date "1993.??.??"]
[Round "4"]
[White "Van der Wiel, John"]
[Black "Van Wely, Loek"]
[Result "1-0"]
[WhiteElo "2555"]
[BlackElo "2560"]
[Annotator "Stohl,I"]
[PlyCount "83"]
[EventDate "1993.03.??"]
[EventType "tourn"]
[EventRounds "5"]
[EventCountry "NED"]
[EventCategory "14"]
[SourceTitle "CBM 035"]
[Source "ChessBase"]
[SourceDate "1993.08.01"]
[SourceVersion "1"]
[SourceVersionDate "1993.08.01"]
[SourceQuality "1"]

1. e4 {Ftacnik} d6 2. d4 Nf6 3. Nc3 g6 4. f4 Bg7 5. Nf3 c5 6. Bb5+ Bd7 7. e5
Ng4 8. h3 $5 (8. e6 fxe6 9. Ng5 Bxb5 10. Nxe6 Bxd4 $1 11. Nxd8 Bf2+ 12. Kd2
Be3+ $10) 8... cxd4 (8... Nh6 9. Bxd7+ Qxd7 10. dxc5 dxc5 11. Be3 $16 {()}) (
8... Bxb5 9. Nxb5 dxe5 (9... cxd4 10. Qxd4 {-8...cxd4}) 10. hxg4 (10. Qe2 e4
11. hxg4 exf3 12. Qxf3 Qa5+ $6 (12... Qd7 $142 $1 $15) 13. Nc3 cxd4 14. Qxb7
dxc3 15. b3 Qa6 16. Qxa8 Qe6+ 17. Kf2 Bd4+ 18. Kf3 $18 {Coleman,D-Pein,M/
BCF-ch/1988/}) 10... Qa5+ 11. Bd2 (11. c3 e4 12. Qe2 exf3 13. Nd6+ Kd7 14. Nxb7
Qb6 15. Qxf3 cxd4 16. Qd5+ Kc7 17. Qxf7 Qxb7 18. Qxg7 Qxg2 19. Qe5+ Kb7 20. Rf1
Nc6 21. Qb5+ Kc7 22. Qe2 Qg3+ $13 {Fedorov,V-Tseitlin,Ma/USSR/1977/}) 11...
Qxb5 12. dxe5 Qxb2 $1 $13 {Nunn} (12... Nc6 13. Bc3 Qc4 14. g3 Rd8 15. Qe2 $16
{(),Kristiansen,J-Miles,A/Teeside/1974/})) 9. Qxd4 Nh6 (9... dxe5 $6 10. Qd5 $1
e4 11. Ng5 (11. Qxb7 {Ftacnik} Bxc3+ 12. bxc3 Bxb5 $13) 11... Nh6 12. Qxb7
Bxc3+ 13. bxc3 Bxb5 14. Qxa8 Bc6 15. Qxa7 O-O (15... Nf5 $5 $14) 16. g4 $1 Qd5
17. Ba3 Rd8 18. Qd4 Qa5 19. Qc5 $16 {Sigurjonsson,G-Vogt,L/Cienfuegos/1976/}) (
9... Bxb5 10. Nxb5 Qa5+ $2 (10... Nc6 11. Qe4 {-9...Nh6}) 11. Qc3 $1 Qxc3+ 12.
bxc3 $18 {/\Nc7,hg4}) 10. g4 (10. Bd2 {Ftacnik} Bxb5 11. Nxb5 Nc6 12. Qf2 dxe5
13. fxe5 a6 14. Nc3 Nf5 15. O-O-O Nxe5 16. Bf4 Nd7 17. g4 Nd6 18. Bxd6 exd6 19.
Rxd6 Qc7 20. Re1+ Kf8 21. Ng5 Nc5 {1-0/Sigurjonsson,G-Westerinen,H/Geneve/1977/
}) (10. Bxd7+ {Ftacnik} Qxd7 11. g4 Nc6 12. Qe4 O-O 13. Bd2 dxe5 14. fxe5 Qe6
15. O-O-O f5 16. exf6 Qxe4 17. Nxe4 exf6 18. Nc5 Rae8 19. Rhe1 Rxe1 20. Rxe1 f5
21. g5 Nf7 22. Bf4 b6 23. Nd3 Rc8 24. Kd2 $13 {Thorhallsson,T-Gretarsson,H/
Hafnarfirdi (08)/1992/}) 10... O-O (10... Bxb5 $142 11. Nxb5 Qa5+ 12. Nc3 Nc6
13. Qe4 O-O-O 14. Bd2 dxe5 15. fxe5 f5 $5 16. Qc4 fxg4 17. hxg4 Rhf8 $132 {
Hermlin,A-Chipashvili/USSR/1976/} (17... Rhf8 {Ftacnik} 18. Rf1 Qb4 19. Qe6+
Kb8 20. O-O-O Rxf3 21. Rxf3 Nd4 22. Rf4 Qxc3 $1 23. bxc3 Nxe6 24. Re4 $17 {
Hermlin,A-Chipashvili,M/USSR/1976/})) 11. Bxd7 Qxd7 {N} (11... Nxd7 12. Be3 Qa5
13. O-O-O Nb6 14. Kb1 Rac8 15. Nd5 $36 {Klovan,J-Tseitlin,Ma/USSR/1973/} (15.
Nd5 {Ftacnik} Nxd5 16. Qxd5 Qc7 17. c3 dxe5 18. fxe5 Rcd8 19. Qc5 Qb8 $2 20.
Qxe7 b6 21. Qh4 Qa8 22. Nd2 f6 23. exf6 Bxf6 24. Qxh6 $18 {Klovans,J-Tseitlin,
MD/USSR/1973/})) 12. Be3 $14 {(),פh6} dxe5 (12... Nc6 13. Qe4 {/\0-0-0->}) 13.
Qxd7 Nxd7 14. fxe5 f5 15. exf6 (15. g5 f4 $1 $8 (15... Nf7 {Ftacnik} 16. e6
Nfe5 $13) 16. gxh6 fxe3 $36) 15... Rxf6 $2 (15... exf6 $142 16. O-O-O $36) 16.
Ng5 Nf7 17. O-O-O $16 Nb6 $8 (17... Nd6 $2 18. Nd5 $18) 18. Nge4 Rc6 19. Bxb6
$1 Rxb6 20. Rd7 Kf8 (20... Re8 $5 $16) 21. Nd5 Rxb2 $8 (21... Re6 22. Nc7 (22.
Nc5 {Ftacnik} Rd6 23. Rxd6 (23. Rd1 $5) 23... Nxd6 24. Ne6+ Kf7 25. Nxg7 Kxg7
26. Nxe7 $16) 22... Rxe4 23. Nxa8 $18) 22. Rf1 Rxa2 23. Rf3 $1 $18 {/\Re7} (23.
Rxe7 $4 Ra1+ $19) 23... Ra1+ 24. Kd2 Ra5 $8 (24... Kg8 25. Nxe7+ Kf8 26. Nxg6+
hxg6 27. Rfxf7+ $18) (24... Re8 25. Ng5 $18) 25. Ng5 Bf6 (25... Rxd5+ 26. Rxd5
Bf6 27. Nxh7+ Kg7 28. Nxf6 exf6 29. Rd7 $18) 26. Nxf7 (26. Nxf6 $2 Nxg5 $1 $17)
26... Rxd5+ $8 (26... Kxf7 27. Rxf6+ $18) 27. Rxd5 Kxf7 28. g5 Ke6 $8 29. c4
Bg7 30. Re3+ Kf7 31. Rd7 Re8 32. Re4 $1 (32. Rxb7 Bd4 33. Re4 Bc5 $16) 32... h6
33. h4 hxg5 34. hxg5 Kf8 35. Rxb7 {o^c} Rd8+ 36. Ke3 a5 37. c5 $1 Bc3 (37...
Rc8 38. Rexe7 $18) 38. c6 Rc8 39. Rc4 Be5 40. Ke4 Bg3 41. Kd5 {/\c7,Ke6-d7}
Rd8+ 42. Rd7 {[Stohl]} 1-0